Statistiken für Schnelle Mathematik - Quadratzahlen Level 04

Klicken Sie hier um das Quiz zu spielen!

Allgemein

  • Dieses Quiz wurde 138 mal gespielt
  • Das Durchschnittsergebnis liegt bei 20 aus 30

Antwortstatistiken

HintAntwort% Korrekt
1
100%
10²100
100%
11²121
100%
16
100%
25
100%
36
100%
4
100%
49
100%
64
100%
81
100%
12²144
97%
13²169
97%
9
97%
15²225
90%
14²196
83%
20²400
79%
30²900
66%
16²256
52%
25²625
52%
17²289
48%
18²324
48%
19²361
38%
21²441
38%
22²484
31%
23²529
28%
24²576
28%
27²729
28%
26²676
24%
28²784
14%
29²841
14%

Verteilung der Resultate

Perzentil nach korrekt beantworteten Fragen

Anzahl Personen mit jedem Resultat

Ihre Resultats-Entwicklung

Sie haben dieses Quiz noch nicht gespielt